00453nam a22001577a 450000500170000001000150001702000260003203500130005803700180007108200080008910000310009724500620012826000390019027000460022930000200027520150911112138.0 aENG-113913 c200.00a9789350450727 aEN-97445 bDBAD/PUBadpl a881 aChattopadhyay, Gouranga P. aThe lonely journey begins /cby Gouranga P. Chattopadhyay aCalcutta bWriters Workshop c2014 a162/92, Lake Gardens, bCalcutta e700045 a118p.c22cm(Hb)